00688nam a2200241 a 4500001001300000003000900013005001700022008004100039020001100080082001500091100001900106245002800125260004000153300000800193500003500201505002700236650002100263700001900284902000800303942000700311952011300318999001500431nice12345678IN_TiNIC20260116011635.0050524s1963 cama grp 000 0 eng  ac20.100a227.7bNEI aNeill, Stephen aPaul to the Colossians. aCambridgebLutherworth Press c1963 a76p aincludes index and biblioraphy2 aWorld Christian books. aPauline Epistles1 aNeill, Stephen bSRS cBK 001040708StackRoom-aHMIbHMId2007-06-21g20.10l0o227.7 NEIp07865r2007-06-21v20.10w2005-05-24yBK c3063d3063